000 00502cam a22001337a 4500
008 180718b2004 xxu||||| |||| 00| 0 eng d
082 _aAPPPA 2003-04 CHA/6
100 _aChandra, Ramesh
245 _aLife cycle cost concept in government procurement: a case of Indian railways
_cby Ramesh Chandra
260 _aNew Delhi
_bIndian Institute of Public Administration
_c2004
300 _av.p.
500 _aAn APPPA M.Phil dissertation, 2003-04 (Guide: Prof. R.K. Sachdeva)
650 _aRailroads - India
999 _c492938
_d492938